• 首页
  • 本馆介绍
  • 公告通知
  • 最新文献
  • 馆藏检索
  • 电子资源
  • 读者导购
  • 参考咨询
  • 我的图书馆
  • 登录
  • 详细信息显示
  • 放入我的书架
  • 预约/预借图书
  • 作者相关作品
  • 分类相关作品
  • 丛书相关作品
  • 出版社相关作品

书目信息

  • 表格格式
  • 工作单格式
  • 卡片格式
题名:
高等学校仪器设备分类编码手册
    
 
作者: ;国家教委条件装备司 编
分册:  
出版信息: 武汉   武汉大学出版社  1990
页数: 484页
开本: 20cm
丛书名:
单 册:
中图分类: G482-62
科图分类:
主题词: 学校--实验室--手册 , 学校--实验室--设备--手册
电子资源:
ISBN: 7-307-00849-1
000 00682nam0 2200205 45
001 0404241131
005 20050406112614.6
010    @a7-307-00849-1@dCNY7.50
100    @a20040424d1990 km y0chiy0120 ea
101 0  @achi
105    @a z 000yy
200 1  @a高等学校仪器设备分类编码手册@AGao Deng Xue Xiao Yi Qi She Bei Fen Lei Bian Ma Shou Ce@f国家教委条件装备司编@FGuo Jia Jiao Wei Tiao Jian Zhuang Bei Si Bian
210    @a武汉@c武汉大学出版社@d1990
215    @a484页@d20cm
606 0  @a学校@x实验室@x手册
606 0  @a学校@x实验室@x设备@x手册
690    @aG482-62@v3
711 02 @a国家教委条件装备司@4编
801    @aCN@bTSTCL@c20040424
905    @dG482-62@e2@f2@b248732-733
    
    高等学校仪器设备分类编码手册/国家教委条件装备司编.-武汉:武汉大学出版社,1990
    484页;20cm
    
    
    ISBN 7-307-00849-1:CNY7.50
    
●
相关链接 在E读中查询图书 在五车中查询图书 在当当中查询图书 在豆瓣中查询图书


正题名:高等学校仪器设备分类编码手册     索取号:G482-62/2         预约/预借

序号 登录号 条形码 馆藏地/架位号 状态 备注
1 0248732   000460940   第四借阅区/ [索取号:G482-62/2] 在馆    
2 0248733   000460986   第四借阅区/ [索取号:G482-62/2] 在馆    
3 0248734   000461039   第四借阅区/ [索取号:G482-62/2] 在馆    
4 0248735   000460860   第四借阅区/ [索取号:G482-62/2] 在馆    
5 0248736   000460904   第一样本阅览室/ [索取号:G482-62/2] 在馆    
唐山师范学院图书馆 欢迎您!
大连网信软件有限公司© 版权所有